ARM Assembly Language : Fundamentals and Techniques (Record no. 227931)

MARC details
000 -LEADER
fixed length control field 00521nam a2200205Ia 4500
008 - FIXED-LENGTH DATA ELEMENTS--GENERAL INFORMATION
fixed length control field 240823s9999||||xx |||||||||||||| ||und||
020 ## - INTERNATIONAL STANDARD BOOK NUMBER
International Standard Book Number 9.78E+13
082 ## - DEWEY DECIMAL CLASSIFICATION NUMBER
-- 006.22 Q6
100 ## - MAIN ENTRY--PERSONAL NAME
Personal name William Hohl
245 #0 - TITLE STATEMENT
Title ARM Assembly Language : Fundamentals and Techniques
250 ## - EDITION STATEMENT
Edition statement 2nd
260 ## - PUBLICATION, DISTRIBUTION, ETC. (IMPRINT)
Date of publication, distribution, etc 2016
Name of publisher, distributor, etc CRC Press Taylor & Fr
500 ## - GENERAL NOTE
General note YES
650 ## - SUBJECT ADDED ENTRY--TOPICAL TERM
Topical term or geographic name as entry element Assembly Language
700 ## - ADDED ENTRY--PERSONAL NAME
Personal name Christopher Hinds
942 ## - ADDED ENTRY ELEMENTS (KOHA)
Item type Books
Holdings
Withdrawn status Lost status Damaged status Permanent location Current location Date acquired Source of acquisition Cost, normal purchase price Full call number Barcode Date last seen Koha item type
      CENTRAL LIBRARY, NOORUL ISLAM CENTRE FOR HIGHER EDUCATION CENTRAL LIBRARY, NOORUL ISLAM CENTRE FOR HIGHER EDUCATION 11/16/2017 "Global Books Syndicate, Coimbatore" 595.00 006.22 Q6 76399 08/23/2024 Books
Visitors:
Copyright © 2024 Central Library NICHE.  All rights reserved.